Asean economic cooperation : Asean economic research unit workshop proceedings

Bibliographic Details
Other Authors: Chia, Siaw Yue
Format: Book
Published: Singapore : Institute of SouthEast Asean studies , 1980
Subjects:

MARC

LEADER 00000cam a2200000 7i4500
001 0000009036
005 20160922.0
020 |a 9971902062 
040 |a INS 
090 0 0 |a HC441   |b A84 1980 
245 0 0 |a Asean economic cooperation :   |b Asean economic research unit workshop proceedings   |c edited by Chia Siaw Yue 
260 |a Singapore :   |b Institute of SouthEast Asean studies ,   |c 1980 
300 |a 168p ;   |c 40cm. 
610 0 0 |a ASEAN 
650 0 |a Asia, Southeastern   |x Economic conditions 
650 0 |a Asia, Southeastern   |x Economic integration 
650 0 0 |a Asian cooperation 
650 0 0 |a Economics   |x International cooperation 
650 0 0 |a International cooperation 
700 1 |a Chia, Siaw Yue 
999 |a 0000023571   |b BOOK   |c Open Shelf   |e Default branch